All 5-Letter Words Starting with “E” - Statistics

General Stats
  • This quiz has been taken 675 times
    536 since last reset
  • The average score is 56 of 211
Answer Stats
Word % Correct
evens
78%
every
78%
enter
76%
easts
75%
ended
75%
earns
73%
eater
73%
ender
71%
exits
71%
early
70%
event
70%
eagle
65%
earth
65%
eased
63%
eaten
63%
eager
62%
elder
62%
eases
61%
egged
61%
earls
59%
ember
59%
error
59%
exact
59%
exist
58%
easer
57%
edges
57%
emits
57%
emote
57%
edits
56%
elbow
56%
erase
56%
ether
56%
evade
56%
exams
56%
equal
55%
elect
54%
epics
54%
easel
53%
eerie
53%
entry
53%
elves
51%
evils
51%
ebony
50%
echos
50%
ewers
50%
egger
49%
elope
49%
edged
48%
edger
48%
edict
48%
exert
48%
extra
48%
epoch
47%
evert
47%
evoke
47%
eight
46%
excel
46%
eaves
45%
empty
45%
eared
43%
ebbed
43%
elate
43%
email
43%
erred
43%
ester
43%
exile
43%
evict
42%
eject
41%
elfin
41%
elite
40%
erect
38%
essay
38%
eyers
38%
exalt
37%
elude
36%
enjoy
36%
expat
36%
exude
35%
enact
34%
ensue
34%
ethic
34%
egret
33%
extol
33%
ennui
32%
erode
32%
elver
31%
emery
31%
expos
31%
epees
30%
euros
30%
eying
30%
embed
28%
eider
27%
endow
27%
envoy
27%
equip
27%
ethos
27%
expel
27%
eaved
25%
emirs
25%
eland
24%
enemy
24%
elven
23%
elans
21%
esses
21%
elegy
19%
emcee
19%
emend
19%
emoji
18%
erupt
18%
exult
18%
etude
17%
eking
16%
elide
16%
endue
16%
enrol
16%
equid
16%
erose
16%
eyrie
16%
ergot
15%
ebons
14%
ecrus
14%
execs
14%
enema
13%
epoxy
13%
exons
13%
edile
12%
evite
12%
exing
12%
eclat
11%
elute
11%
emmet
11%
exine
11%
edify
10%
enate
9%
educe
8%
egads
8%
emmer
8%
erses
8%
eches
7%
educt
7%
embar
7%
emerg
7%
erica
7%
esker
7%
etuis
7%
eagre
6%
ebook
6%
emmys
6%
enure
6%
edema
5%
enorm
5%
enzym
5%
ernes
5%
escot
5%
elint
4%
embay
4%
emics
4%
enows
4%
epode
4%
eques
4%
ethyl
4%
exome
4%
eyres
4%
ebbet
3%
eched
3%
eejit
3%
elain
3%
embow
3%
emeer
3%
envoi
3%
eosin
3%
eruct
3%
etape
3%
egers
2%
elemi
2%
enoki
2%
epact
2%
ephor
2%
etics
2%
etnas
2%
egest
1%
eidos
1%
eikon
1%
eloin
1%
emeus
1%
enols
1%
entia
1%
ephas
1%
eruvs
1%
ervil
1%
escar
1%
estop
1%
exurb
1%
eensy
0%
eggar
0%
ejido
0%
ekkas
0%
emyde
0%
emyds
0%
ensky
0%
ephah
0%
ephod
0%
erugo
0%
eskar
0%
esnes
0%
etwee
0%
etyma
0%
eyass
0%
eyras
0%
eyrir
0%
No matching quizzes found
Score Distribution
Percent of People with Each Score
Percentile by Number Answered
Your Score History
You have not taken this quiz since the last reset